000 00480nam a2200181Ia 4500
005 20250508160305.0
008 008 250505s9999 xx 000 0 eng d
037 _aTextual
040 _aFEDL
_beng
_cFEDL
041 _aeng
_2eng
084 _a425, HIL
_qFEDL
100 _aHill L A
245 0 _aGuide to correct english
260 _aLondon, UK
_bOxford University Press
_c1965
300 _ax,389p.
942 _cTEXL
_h425, HIL
999 _c1363411
_d1363411